Control systems : (Record no. 14527)

MARC details
000 -LEADER
fixed length control field 00844nam a22002417a 4500
005 - DATE AND TIME OF LATEST TRANSACTION
control field 20080711111158.0
008 - FIXED-LENGTH DATA ELEMENTS--GENERAL INFORMATION
fixed length control field 080711t xxu||||| |||| 00| 0 eng d
010 ## - LCCN (DPL NO)
LC control number ENG-90557
020 ## - INTERNATIONAL STANDARD BOOK NUMBER
International Standard Book Number 0070668795
Terms of availability 365.00
035 ## - SYSTEM CONTROL NUMBER
System control number EN-74090
037 ## - SOURCE OF ACQUISITION
Source of stock number/acquisition DBAD / PUB
040 ## - CATALOGING SOURCE
Original cataloging agency DPL
Language of cataloging EN
082 ## - DEWEY DECIMAL CLASSIFICATION NUMBER
Classification number 629.8
100 ## - MAIN ENTRY--PERSONAL NAME
Personal name Gopal, M.
9 (RLIN) 53534
245 ## - TITLE STATEMENT
Title Control systems :
Statement of responsibility, etc by M. Gopal
Remainder of title principles and design /
250 ## - EDITION STATEMENT
Edition statement 3rd ed
260 ## - PUBLICATION, DISTRIBUTION, ETC. (IMPRINT)
Place of publication, distribution, etc New Delhi
Name of publisher, distributor, etc Tata McGraw-Hill Publishing
Date of publication, distribution, etc 2008
270 ## - ADDRESS
Address 7 West Patel Nagar
City New Delhi
Postal code 110008
300 ## - PHYSICAL DESCRIPTION
Extent xx, 748p.:
Dimensions 24cm.(pbk)
Other physical details ill.
500 ## - GENERAL NOTE
General note includes index
942 ## - ADDED ENTRY ELEMENTS (KOHA)
Source of classification or shelving scheme Dewey Decimal Classification
Item type English Books
Classification part 629.8
Call number suffix GOP
Holdings
Withdrawn status Lost status Damaged status Not for loan Collection code Home library Current library Date acquired Source of acquisition Cost, normal purchase price Total Checkouts Full call number Barcode Date last seen Copy number Cost, replacement price Koha item type
      Not For Loan Non-fiction D.B.Act.Division D.B.Act.Division 22/07/2008 DBAD / PUB 365.00   629.8 GOP EN-74090 15/09/2008 1 365.00 English Books

© Delhi Public Library
Hit Counter
free hit counter